[Event "Pohár města Říčany 2018"]
[Site "Městské kulturní středisko"]
[Date "2019.08.25"]
[Round "3.27"]
[White "Cervenka, Petr"]
[Black "Dubnicka, Augustin"]
[Result "1-0"]
[WhiteElo "1850"]
[BlackElo "1734"]
[PlyCount "49"]
[EventDate "2019.08.24"]

1. e4 c5 2. Nc3 d6 3. g3 g6 4. Bg2 Bg7 5. d3 Nc6 6. f4 Nf6 7. Nf3 Bg4 8. O-O
O-O 9. Be3 Nd7 10. Qd2 Bxf3 11. Bxf3 Bd4 12. f5 Kg7 13. Nd5 e6 14. Nf4 Qe7 15.
Rae1 Rae8 16. c3 Bxe3+ 17. Rxe3 exf5 18. Nd5 Qg5 19. exf5 Qxf5 20. Rxe8 Rxe8
21. Nc7 Rc8 22. Bxc6 Qh3 23. Bg2 Qh5 24. Nd5 Re8 25. Qf4 1-0

[Event "Pohár města Říčany 2018"]
[Site "Městské kulturní středisko"]
[Date "2019.08.25"]
[Round "3.29"]
[White "Nemecek, Pavel"]
[Black "Feierfeil, Jiri"]
[Result "1-0"]
[WhiteElo "1801"]
[BlackElo "1671"]
[PlyCount "55"]
[EventDate "2019.08.24"]

1. e4 c5 2. Nc3 Nc6 3. g3 e5 4. d3 Be7 5. f4 d6 6. Nf3 Nf6 7. Bg2 a6 8. a4 Qc7
9. O-O O-O 10. h3 Rb8 11. g4 Nb4 12. Ne2 Nd7 13. c3 Nc6 14. f5 b5 15. axb5 axb5
16. g5 b4 17. d4 bxc3 18. bxc3 cxd4 19. cxd4 exd4 20. Nfxd4 Nxd4 21. Nxd4 f6
22. Ne6 Qb6+ 23. Kh1 Re8 24. Qh5 Ba6 25. g6 h6 26. Bxh6 Bxf1 27. Rxf1 Bf8 28.
Bxg7 1-0

[Event "Pohár města Říčany 2018"]
[Site "Městské kulturní středisko"]
[Date "2019.08.25"]
[Round "3.31"]
[White "Otrubova, Kristyna"]
[Black "Nentvich, Libor"]
[Result "1-0"]
[WhiteElo "1712"]
[BlackElo "1822"]
[PlyCount "57"]
[EventDate "2019.08.24"]

1. e4 c5 2. Nf3 g6 3. d4 cxd4 4. Nxd4 Nc6 5. Nc3 Bg7 6. Be3 Nf6 7. Nxc6 bxc6 8.
e5 Ng8 9. f4 d5 10. Be2 Nh6 11. O-O Nf5 12. Bf2 Qa5 13. a3 Ba6 14. b4 Bxe2 15.
Qxe2 Qc7 16. Na4 O-O 17. Rad1 e6 18. g4 Ne7 19. Bh4 a5 20. Nc5 axb4 21. axb4
Ra3 22. Bf6 Rb8 23. Bxg7 Kxg7 24. Nd3 Nc8 25. f5 g5 26. fxe6 fxe6 27. Rf6 Nb6
28. Qe3 h6 29. Qh3 1-0

[Event "Pohár města Říčany 2018"]
[Site "Městské kulturní středisko"]
[Date "2019.08.25"]
[Round "3.32"]
[White "Hampel, Rudolf"]
[Black "Bartos, Vaclav"]
[Result "0-1"]
[WhiteElo "1660"]
[BlackElo "1809"]
[PlyCount "79"]
[EventDate "2019.08.24"]

1. e4 c5 2. Nf3 e6 3. d4 cxd4 4. Nxd4 Qb6 5. Nb3 a6 6. Be2 Qc7 7. O-O b5 8. Be3
Bb7 9. N1d2 Nf6 10. f3 Be7 11. Bd3 d6 12. Qe1 Nbd7 13. c3 e5 14. Rc1 h5 15. a3
Nc5 16. Nxc5 dxc5 17. c4 b4 18. axb4 cxb4 19. h3 h4 20. Qf2 Nh5 21. Rfd1 Nf4
22. Bc2 Rh6 23. Kh2 Rg6 24. Bxf4 exf4 25. Qe2 Qe5 26. Ba4+ Kf8 27. Nb3 Qg5 28.
Qf2 Bc8 29. Bd7 a5 30. Rd5 Qg3+ 31. Qxg3 fxg3+ 32. Kg1 Bxd7 33. Rxd7 a4 34. Nd2
a3 35. bxa3 bxa3 36. Nb3 Rb6 37. Rd3 a2 38. Na1 Rb1 39. Rdd1 Rab8 40. Kf1 0-1